000 00335nam a2200109Ia 4500
008 171211s9999 xx 000 0 und d
245 _aBuild Your Own Website The Right Way Using HTML & CSS, 3rd Edition
245 _cIan Lloyd
260 _c2011
650 _xWeb Development
856 _uhttp://down.ebook777.com/013/9780980455274.pdf
999 _c350068
_d350068